Equipes de Ligue 1 suivant le principal sponsor - Statistiques

Statistiques générales
  • Ce quiz a été pris 114 fois
  • Le résultat moyen est 10 sur 19
Statistiques - réponses
Hint Réponse % Correct
Qatar Airways Paris
94%
Cazoo Marseille/Lille
86%
INEOS Nice
82%
Emirates Lyon
74%
Auchan Lens
73%
Samsic Rennes
72%
Synergie Nantes
63%
Jean Floch Lorient
59%
eToro Monaco
57%
ÉS Strasbourg
54%
LP Promotion Toulouse
47%
Queguiner Matériaux Brest
45%
Partouche Montpellier
43%
Hexaom Reims
41%
Actual Angers
35%
Servistores Auxerre
33%
Crédit Mutuel Clermont-Ferrand
30%
Winamax Troyes
27%
LMM Ajaccio
24%
Aucun quiz correspondant
Distribution des résultats
% des personnes avec chaque résultat
Percentile par nombre de réponses
Votre historique - résultats
Vous n’avez pas pris ce quiz